| 000 | 00714nam a22002177a 4500 | ||
|---|---|---|---|
| 005 | 20170124110248.0 | ||
| 010 | _aB-209621 | ||
| 020 |
_c600.00 _a8186623531 |
||
| 035 | _aB-209621 | ||
| 037 | _bCen Lib/Ret | ||
| 040 |
_aDPL _bEN |
||
| 082 |
_a668.4 _bHAN |
||
| 110 |
_aDelhi.National Institute of Industrial Research _997932 |
||
| 245 |
_aHandbook on biodegradable plastics : _beco-friendly plastics / |
||
| 260 |
_bNational Institute of Industrial Research _aDelhi |
||
| 270 |
_bDelhi _a106-E, Kamla Nagar _e110007 |
||
| 300 |
_a274p. _c19cm(pbk) |
||
| 650 |
_aHandbook -- biodegradable wastes _997933 |
||
| 650 |
_aPlastic waste management _997934 |
||
| 942 |
_2ddc _cEN _h668.4 _mHAN |
||
| 999 |
_c135650 _d135650 |
||